000 00481nam a2200133Ia 4500
008 260210s9999 xx 000 0 und d
024 _a17B-006-TE, 17B-021-TE & 17B-026-TE
082 _a621.472 ZUB
100 _aSuheera Zubair, Musab Rehman & Muhammad Afnan Qureshi
245 0 _aWireless data acquisition of solar power via SCADA system and IoT
260 _aKarachi:
_bUITU,
_c2017
600 _aTelecommunication Engineering
650 _aBachelor of Engineering (BE)
999 _c33605
_d33605